[Event "TCh-FIN SM 2012-13"]
[Site "Jyvaskyla FIN"]
[Date "2012.09.29"]
[Round "2.2"]
[White "Kiik,K"]
[Black "Kauppila,O"]
[Result "1-0"]
[WhiteElo "2419"]
[BlackElo "2280"]

1.c4 e5 2.g3 Nf6 3.Bg2 d5 4.cxd5 Nxd5 5.Nc3 Nb6 6.d3 Be7 7.a3 O-O 8.Bd2 Re8
9.Rc1 Bf8 10.Qc2 a5 11.Nb5 c6 12.Nc3 Be6 13.Ne4 N8d7 14.Ng5 Bf5 15.Be4 Bxe4
16.Nxe4 a4 17.Nf3 f5 18.Bg5 Qc7 19.Nc3 Nc5 20.Be3 Nbd7 21.O-O Nb3 22.Rcd1 Qa5
23.d4 e4 24.Nd2 Nxd2 25.Bxd2 Qa6 26.Bf4 Qc4 27.d5 c5 28.Qd2 Ra6 29.Bc7 Bd6
30.Bxd6 Rxd6 31.Qf4 Re5 32.f3 Rf6 33.fxe4 fxe4 34.Qg4 Re7 35.Rxf6 Nxf6 36.Qc8+ Kf7
37.e3 h6 38.Rd2 Kg6 39.Rf2 Kh7 40.Qf5+ Kg8 41.Rd2 Rf7 42.Rf2 Rf8 43.Qe6+ Kh8
44.Qe7 Kg8 45.Kg2 Rf7 46.Qe6 b5 47.Ne2 Qb3 48.Nf4 g6 49.Nxg6 Kg7 50.Ne5  1-0

[Event "1st Simon Bolivar Open 2012"]
[Site "San Cristobal VEN"]
[Date "2012.09.29"]
[Round "8.7"]
[White "Flores,Di"]
[Black "Alvarez Marquez,J"]
[Result "1-0"]
[WhiteElo "2593"]
[BlackElo "2400"]

1.c4 e5 2.g3 Nc6 3.Bg2 Nf6 4.Nc3 Bc5 5.Nf3 d6 6.d3 h6 7.O-O a6 8.e3 O-O 9.b3 Ba7
10.Nd2 Bg4 11.Qc2 Qd7 12.Nde4 Nh7 13.f4 Rae8 14.fxe5 Nxe5 15.d4 Nc6 16.Qd2 Bh3
17.Bxh3 Qxh3 18.Qg2 Qd7 19.Bd2 Ne7 20.Rae1  1-0

[Event "21st TCh-CRO 1a 2012"]
[Site "Sibenik CRO"]
[Date "2012.09.30"]
[Round "8.43"]
[White "Sinanovic,M"]
[Black "Cvitan,O"]
[Result "1/2-1/2"]
[WhiteElo "2400"]
[BlackElo "2527"]

1.c4 e5 2.g3 Nf6 3.Bg2 c6 4.d4 exd4 5.Qxd4 d5 6.Nf3 Be7 7.cxd5 cxd5 8.O-O Nc6
9.Qa4 O-O 10.Be3 Ng4 11.Bd4 Nxd4 12.Nxd4 Qb6 13.Nc3 Qh6 14.h3 Nf6 15.h4 Rd8
16.Rad1 Qh5 17.Rd2 Bg4 18.Rfd1 a6 19.Nc2 Be6 20.Ne3 d4 21.Rxd4 Rxd4 22.Qxd4 Qa5
23.Ned5 Nxd5 24.Nxd5 Bf8 25.a3 Rc8 26.Qd3 Qc5 27.Bf3 b5 28.Kg2 a5 29.Rd2 b4
30.axb4 axb4 31.b3 g6 32.Qd4 Qxd4 33.Rxd4 Kg7 34.e3 Rc1 35.Be2 Rc2 36.Bc4 Bc5
37.Rd3  1/2-1/2

[Event "21st TCh-CRO w 2012"]
[Site "Sibenik CRO"]
[Date "2012.09.30"]
[Round "9.2"]
[White "Mrakovcic,K"]
[Black "Mahmutbegovic,N"]
[Result "1/2-1/2"]
[WhiteElo "1765"]
[BlackElo "1687"]

1.c4 e5 2.g3 Nc6 3.Bg2 g6 4.Nc3 Bg7 5.d3 f5 6.Nf3 Nf6 7.O-O O-O 8.Rb1 a5
9.a3 h6 10.Nd2 d6 11.b4 axb4 12.axb4 Nd4 13.Nb3 c6 14.e3 Ne6 15.Qc2 Qe8 16.b5 Bd7
17.bxc6  1/2-1/2

[Event "TATA 50th ch-IND National Premier"]
[Site "Kolkata IND"]
[Date "2012.10.01"]
[Round "1.20"]
[White "Ghosh,D"]
[Black "Abhilash,R"]
[Result "0-1"]
[WhiteElo "2415"]
[BlackElo "2242"]

1.c4 e5 2.g3 Nf6 3.Bg2 d6 4.Nc3 c6 5.Nf3 Be7 6.O-O O-O 7.d4 Nbd7 8.b3 Re8
9.e4 a6 10.a4 a5 11.h3 Bf8 12.Re1 exd4 13.Nxd4 Nc5 14.Bf4 Nfd7 15.Qc2 Na6
16.Rad1 Nb4 17.Qb1 Qf6 18.Be3 Nc5 19.Nde2 Nba6 20.Kh2 Qe7 21.Rd2 Qc7 22.Nd4 Bd7
23.Red1 Rad8 24.Rc1 Bc8 25.Rcd1 Qb6 26.Bg5 Be7 27.Bxe7 Rxe7 28.Ndb5 Red7
29.Nd4 Nc7 30.Qb2 Ne8 31.h4 Re7 32.f3 g6 33.Nce2 f6 34.Nf4 Rf7 35.Qc3 Ng7
36.Nd3 Rff8 37.Nf4 g5 38.hxg5 fxg5 39.Nfe2 h6 40.Re1 Nh5 41.Rdd1 Ng7 42.Rf1 Rfe8
43.Qc2 Nd7 44.Qc3 Ne5 45.Nc2 Rf8 46.Ne3 Qc5 47.Nd4 Rde8 48.Rd2 Rf7 49.Rdf2 Ref8
50.Qd2 Ng6 51.Ne2 Qe5 52.Qc3 Qc5 53.Qd4 Ne6 54.Qxc5 Nxc5 55.Nd4 Nxe4 56.Re2 Nc5
57.Rd1 Ne5 58.Kg1 Rf6 59.Nec2 h5 60.Ne3 Kg7 61.Rf1 Ng6 62.Rd2 Re8 63.Re1 Kf7
64.Rde2 Nd3 65.Rd1 Nde5 66.Ree1 Kf8 67.Bh1 Bd7 68.Rf1 Ke7 69.Rd2 Nf7 70.Ndc2 Kd8
71.Rfd1 h4 72.gxh4 gxh4 73.c5 d5 74.Nc4 Nf4 75.Nxa5 Kc7 76.Nd4 Rg6+ 77.Kf1 Reg8
78.Kf2 Re8 79.Kf1 h3 80.b4 Ra8 81.Kf2 Re8 82.Kf1 Nh6 83.b5 Nf5 84.Nxf5 Bxf5
85.Nb3 h2 86.Rxh2 Bd3+ 87.Rxd3 Nxd3 88.Re2 Rg1+ 89.Kxg1 Rxe2 90.Bg2 Nf4 91.Bf1 Rb2
92.Nd4 Kd7 93.Nf5 Ra2 94.Nd6 d4 95.Nc4 Kc7 96.Ne5 Rxa4 97.b6+ Kc8 98.Kf2 Kb8
99.Bc4 Ng6 100.Nd7+ Kc8 101.Be6 Nf4 102.Bf5 Kd8 103.Kg3 Ng6 104.Nf6 Ne7 105.Bh7 Rc4
106.Ne4 Kd7 107.Nf6+ Ke6 108.Ne4 Kd5 109.Nd6 Rxc5 110.Nxb7 Rb5 111.Be4+ Ke5
112.f4+ Kxe4 113.Nd6+ Kd5 114.Nxb5 cxb5 115.b7 Nc6  0-1

[Event "TCh-Central SRB 2012"]
[Site "Vrnjacka Banja SRB"]
[Date "2012.10.05"]
[Round "9.4"]
[White "Mista,A"]
[Black "Martinovic,Sl"]
[Result "1-0"]
[WhiteElo "2543"]
[BlackElo "2447"]

1.c4 e5 2.g3 Nf6 3.Bg2 d5 4.cxd5 Nxd5 5.Nc3 Nb6 6.Nf3 Nc6 7.O-O Be7 8.a3 Be6
9.b4 a5 10.b5 Nd4 11.Rb1 f6 12.d3 O-O 13.Nd2 Rb8 14.e3 Nf5 15.Qc2 Qd7 16.Rd1 Rfd8
17.Nc4 Nxc4 18.dxc4 Qc8 19.Rxd8+ Bxd8 20.c5 Ne7 21.a4 c6 22.Ne4 Nd5 23.Nd6 Qc7
24.Be4 Be7 25.Bxh7+ Kf8 26.Ba3 Nb4 27.Bxb4 axb4 28.b6 Qd7 29.Rd1 b3 30.Qe4 Ra8
31.Bg6 b2 32.Qb4 Bxd6 33.Rxd6 Qe7 34.Bc2 Rd8 35.a5 Ra8 36.Bd3 Ba2 37.Qxb2 Rxa5
38.Bf5 Bf7 39.Qc3 Rb5 40.Qa3 g6 41.Qa8+ Kg7 42.Rd7 Qf8 43.Qxf8+ Kxf8 44.Bd3 Rxc5
45.Rxb7 Rc3 46.Rxf7+  1-0

[Event "TCh-AUT 2 East 2012-13"]
[Site "Austria AUT"]
[Date "2012.10.06"]
[Round "1.3"]
[White "Wolfram,B"]
[Black "Pisk,P"]
[Result "1/2-1/2"]
[WhiteElo "2234"]
[BlackElo "2389"]

1.c4 e5 2.g3 Nc6 3.Bg2 Nf6 4.Nc3 Bb4 5.Nd5 Bc5 6.d3 h6 7.Nf3 d6 8.O-O O-O
9.a3 a5 10.e3 Re8 11.b3 Nxd5 12.cxd5 Ne7 13.d4 exd4 14.Nxd4 Nf5 15.Ne2 Bd7
16.e4 Qf6 17.Ra2 Nd4 18.Bb2 Nxe2+ 19.Qxe2 Bd4 20.Rc1 c5 21.dxc6 Bxc6 22.Bxd4 Qxd4
23.Rd2 Qb6 24.Qd1 Bxe4 25.Rxd6 Qb5 26.Bxe4 Rxe4 27.Qd5 Re5 28.Qxb5 Rxb5 29.Rc3 Rf8
30.Rd7 Rb6  1/2-1/2

[Event "FSFMB October 2012"]
[Site "Budapest HUN"]
[Date "2012.10.06"]
[Round "1.6"]
[White "Czipp,J"]
[Black "Nemeth,O"]
[Result "0-1"]
[WhiteElo "1460"]
[BlackElo "1802"]

1.c4 e5 2.g3 c6 3.Bg2 Nf6 4.e4 Bc5 5.Ne2 Qb6 6.O-O Ng4 7.d4 exd4 8.Nf4 Ne5
9.b3 d6 10.h3 a5 11.a4 Na6 12.Bb2 Nb4 13.Ba3 O-O 14.Nd2 g6 15.Nf3 f6 16.Nxe5 fxe5
17.Nd3 Nxd3 18.Qxd3 Be6 19.Bc1 Kg7 20.Rb1 Rf7 21.f4 Raf8 22.fxe5 Rxf1+ 23.Bxf1 dxe5
24.Kh2 Qc7 25.Rb2 Ba3 26.Rc2 Bxc1 27.Rxc1 Qf7 28.Bg2 Qf2 29.Rf1 Qb2 30.Kg1 Rxf1+
31.Bxf1 Qc1 32.Kg2 h5 33.Be2 Kh6 34.g4 h4 35.Qf3 Kg7 36.Qf2 g5 37.Kf3 Qc3+
38.Kg2 Qxb3  0-1

[Event "3rd Copa Latino-Americana"]
[Site "Cali COL"]
[Date "2012.10.06"]
[Round "4.6"]
[White "Perez Garcia,Rodn"]
[Black "Herrera,Jua"]
[Result "1-0"]
[WhiteElo "2418"]
[BlackElo "2184"]

1.c4 e5 2.g3 Nf6 3.Bg2 d5 4.cxd5 Nxd5 5.Nc3 Nb6 6.Nf3 Nc6 7.O-O Be7 8.Rb1 a5
9.d3 O-O 10.Be3 Bg4 11.Bxb6 cxb6 12.Nd2 Kh8 13.Nc4 f6 14.Qd2 Rc8 15.h3 Be6
16.Rfd1 Rf7 17.e3 Bf8 18.a3 Rd7 19.Qe2 Na7 20.a4 Nc6 21.Na2 Bc5 22.b3 g6
23.Kh2 Na7 24.Nc3 Bb4 25.Ne4 f5 26.Qb2 Bxc4 27.Qxe5+ Kg8 28.Nf6+ Kf7 29.dxc4 Rxd1
30.Rxd1 Qxf6 31.Rd7+ Be7 32.Qd5+ Kf8 33.Qxb7 Rd8 34.Rxd8+ Bxd8 35.Qxa7 h5
36.h4 Be7 37.Bd5 Kg7  1-0

[Event "TATA 50th ch-IND National Premier"]
[Site "Kolkata IND"]
[Date "2012.10.06"]
[Round "6.9"]
[White "Sagar,S"]
[Black "Sethuraman,S"]
[Result "0-1"]
[WhiteElo "2352"]
[BlackElo "2553"]

1.c4 e5 2.g3 Nf6 3.Bg2 d5 4.cxd5 Nxd5 5.Nc3 Nb6 6.Nf3 Nc6 7.O-O Be7 8.a3 O-O
9.b4 Be6 10.Rb1 f6 11.d3 Nd4 12.Nxd4 exd4 13.Ne4 Bd5 14.Bb2 f5 15.Nd2 Bxg2
16.Kxg2 Bf6 17.Qb3+ Kh8 18.Nf3 Qd7 19.Rbc1 Rae8 20.Rc2 f4 21.b5 Nd5 22.Rd1 fxg3
23.hxg3 Be5 24.Rh1 Bxg3 25.Bxd4 Qf5 26.Rc5 c6 27.Qb2 Qg4 28.Rxd5 Bc7+ 29.Kf1 cxd5
30.Rg1 Qh3+ 31.Ke1 Rxf3 32.Rxg7 Ba5+ 33.Bc3 d4 34.Bxa5 Qh1+ 35.Kd2 Qh6+ 36.Kd1 Qxg7
37.exf3 Qg1+ 38.Kc2 Rc8+ 39.Kb3 Qd1+ 40.Kb4 Qxd3 41.Ka4 Rc2  0-1

[Event "TCh-ISL 2012-13"]
[Site "Reykjavik ISL"]
[Date "2012.10.06"]
[Round "2.2"]
[White "Glud,J"]
[Black "Maze,S"]
[Result "1/2-1/2"]
[WhiteElo "2520"]
[BlackElo "2564"]

1.c4 e5 2.g3 d6 3.Bg2 f5 4.d3 Nf6 5.e4 fxe4 6.dxe4 Be7 7.Nc3 O-O 8.Nge2 c6
9.O-O Be6 10.b3 Nbd7 11.h3 a6 12.a4 a5 13.Be3 Nc5 14.Qc2 Nfd7 15.Kh2 Na6
16.f4 Nb4 17.Qd2 Nc5 18.Rab1 exf4 19.gxf4 b6 20.Nd4 Qc7 21.Nxe6 Nxe6 22.Ne2 Nc5
23.Ng3 Rf7 24.Nf5 Bf8 25.Bd4 Re8 26.Ng3  1/2-1/2

[Event "TCh-ISL 2012-13"]
[Site "Reykjavik ISL"]
[Date "2012.10.06"]
[Round "2.4"]
[White "Gretarsson,Hj"]
[Black "Arngrimsson,D"]
[Result "1-0"]
[WhiteElo "2512"]
[BlackElo "2393"]

1.c4 e5 2.g3 d6 3.Bg2 Nc6 4.Nc3 Be6 5.d3 Qd7 6.Rb1 g6 7.b4 Bg7 8.b5 Nd8 9.e4 Ne7
10.Be3 O-O 11.Qd2 f5 12.Nge2 c6 13.O-O Nf7 14.Rb2 fxe4 15.Nxe4 Nf5 16.bxc6 bxc6
17.Rfb1 Nxe3 18.Qxe3 Qd8 19.Qd2 Bg4 20.N2c3 Kh8 21.Rb7 Bc8 22.Rxf7 Rxf7 23.Ng5 Rf8
24.Bxc6 Bf5 25.Bxa8 Qxa8 26.Nd5 Bh6 27.Rb3 Qc8 28.Nf7+ Rxf7 29.Qxh6 Be6 30.Nc3 Bf5
31.Nd5 Be6 32.Ne3 Kg8 33.h4 Rb7 34.h5 Rxb3 35.axb3 Bf7 36.hxg6 Bxg6 37.Qg5 Qb8
38.Nd5 Qf8 39.Qe7  1-0

[Event "TCh-ISL 2012-13"]
[Site "Reykjavik ISL"]
[Date "2012.10.06"]
[Round "3.4"]
[White "Andersen,Mad"]
[Black "Kryvoruchko,Y"]
[Result "0-1"]
[WhiteElo "2461"]
[BlackElo "2679"]

1.c4 e5 2.g3 Nf6 3.Bg2 Nc6 4.Nc3 Bc5 5.Nf3 O-O 6.O-O d6 7.d3 Nd4 8.Ne1 a6
9.a3 Ba7 10.b4 c6 11.Kh1 Bg4 12.h3 Bh5 13.Bb2 d5 14.c5 Re8 15.Nc2 b6 16.cxb6 Bxb6
17.Rb1 a5 18.Qd2 axb4 19.axb4 Qd6 20.Ba1 Ra7 21.e3 Nf3 22.Qc1 d4 23.Nd1 e4
24.Bxd4 Nxd4 25.Nxd4 Bxd4 26.exd4 Be2 27.Rg1 Bxd3 28.Rb3 Ra2 29.Re1 h6 30.Nb2 Qxd4
31.Qc5 Qxc5 32.bxc5 Bb5 33.f3 e3 34.f4 Rd8 35.g4 Rd2 36.g5 hxg5 37.fxg5 Nd7
38.Rbxe3 Raxb2 39.Re8+ Nf8 40.Bf3 Rh2+ 41.Kg1 Rxh3  0-1

[Event "TCh-ISL 2012-13"]
[Site "Reykjavik ISL"]
[Date "2012.10.06"]
[Round "3.2"]
[White "Barillaro,L"]
[Black "Kristjansson,St"]
[Result "0-1"]
[WhiteElo "2176"]
[BlackElo "2473"]

1.c4 e5 2.g3 Nf6 3.Bg2 Nc6 4.Nc3 Bc5 5.Nf3 O-O 6.O-O Re8 7.d3 h6 8.a3 a5
9.Bd2 d6 10.Nd5 e4 11.dxe4 Nxe4 12.e3 Nxd2 13.Qxd2 a4 14.Qc2 Be6 15.Nf4 Bd7
16.Qc3 Rb8 17.Nh5 Ne5 18.Nf4 b5 19.Nxe5 Rxe5 20.Nd3 Rg5 21.h4 Rh5 22.Bf3 bxc4
23.Bxh5 cxd3 24.Qxd3 Qf6 25.Qd5 g6 26.Be2 Rxb2 27.Qf3 Qe7 28.Bc4 Bf5 29.Bd5 h5
30.Rfc1 Rd2 31.Bc6 Rd3 32.Rc4 Qe5 33.Re1 Bxa3 34.Rxa4 Bc5 35.Ra8+ Kg7 36.Re8 Qc3
37.Rf1 Be6 38.Be4 Bg4 39.Qf4 Rxe3 40.Bxg6 Rxg3+ 41.Kh2 Rf3 42.Qc1 Rh3+ 43.Kg1 Qg3+  0-1

[Event "TCh-HUN 2012-13"]
[Site "Kecskemet HUN"]
[Date "2012.10.07"]
[Round "2"]
[White "Lizak,P"]
[Black "Vamos,V"]
[Result "1-0"]
[WhiteElo "2428"]
[BlackElo "2206"]

1.c4 e5 2.g3 Nc6 3.Bg2 f5 4.Nc3 Nf6 5.d3 Bb4 6.Bd2 O-O 7.Nf3 d6 8.O-O Bxc3
9.Bxc3 Qe8 10.e3 f4 11.Ng5 h6 12.Ne4 Nxe4 13.dxe4 fxe3 14.f3 e2 15.Qxe2 Nd4
16.Qd3 c5 17.f4 Bg4 18.Rae1 Qh5 19.Rf2 Rf6 20.Qf1 Raf8 21.f5 Be2 22.Rexe2 Nxe2+
23.Rxe2 Qe8 24.g4 g5 25.Bf3 Kf7 26.h4 Rg8 27.hxg5 hxg5 28.Qd1 Qc6 29.Rh2 Kf8
30.Rh7 Rg7 31.Rxg7 Kxg7 32.Qd2 Kf7 33.Qxg5 Qa4 34.Qh5+ Ke7 35.g5 Rf8 36.Qh7+ Kd8
37.f6 Kc8 38.Qe7 Re8 39.Bg4+ Kb8 40.Qxd6+ Ka8 41.f7  1-0

[Event "TCh-HUN 2012-13"]
[Site "Kecskemet HUN"]
[Date "2012.10.07"]
[Round "2"]
[White "Berescu,A"]
[Black "Varga,Kl"]
[Result "1/2-1/2"]
[WhiteElo "2497"]
[BlackElo "2200"]

1.c4 e5 2.g3 Nf6 3.Bg2 h6 4.Nc3 Bb4 5.Qb3 Bxc3 6.Qxc3 d6 7.d3 O-O 8.Nf3 Re8
9.O-O d5 10.e3 Nc6 11.b4 e4 12.Ne1 d4 13.Qa3 Bg4 14.b5 dxe3 15.bxc6 e2 16.cxb7 Rb8
17.Qxa7 exd3 18.Nxd3 exf1=Q+ 19.Bxf1 Bf3 20.Rb1 Ne4 21.Rb3 Nd6 22.Nc5 Bxb7
23.Nxb7 Nxb7 24.Rxb7 Ra8 25.Qc5 Re1 26.Kg2 Rxc1 27.Qxc7 Qf6 28.Bd3 g6 29.Rb6 Qd8
30.Qxd8+ Rxd8 31.Rb3 Ra1 32.Be4 Rxa2 33.Bd5 Rd7 34.h4 h5 35.Rf3 Kg7 36.Rf4  1/2-1/2

[Event "TCh-ROU League A 2012"]
[Site "Olanesti ROU"]
[Date "2012.10.08"]
[Round "3.4"]
[White "Paval,G"]
[Black "Grozav,V"]
[Result "1-0"]
[WhiteElo "2190"]
[BlackElo "2170"]

1.c4 e5 2.g3 d6 3.Bg2 g6 4.Nc3 Bg7 5.Nf3 c6 6.d4 exd4 7.Nxd4 Nf6 8.O-O O-O
9.b3 Na6 10.Bb2 Nc7 11.e4 Bg4 12.f3 Bc8 13.Qd2 Re8 14.Rfe1 Ne6 15.Nc2 Qc7
16.Rad1 Rd8 17.Ne3 b6 18.f4 Bb7 19.Qc2 Rac8 20.Qb1 Ne8 21.Kh1 a6 22.f5 Nc5
23.Ne2 Nd7 24.Bxg7 Kxg7 25.fxg6 hxg6 26.Nf4 Ne5 27.Qb2 Nf6 28.Rf1 Qe7 29.Rf2 Rf8
30.h4 Rcd8 31.Rdf1 Bc8 32.Qc3 Nfg4 33.Nxg4 Bxg4 34.Qe3 b5 35.cxb5 axb5 36.Rc2 Ra8
37.Qd4 f6 38.a4 bxa4 39.bxa4 g5 40.hxg5 fxg5 41.Nd3 Rxf1+ 42.Bxf1 c5 43.Qa1 Ra5
44.Rf2 Bd7 45.Nxe5 dxe5 46.Bc4 Rxa4 47.Qc1 Be8 48.Rf5 Bg6 49.Rxg5 Rxc4 50.Rxg6+ Kxg6
51.Qxc4 Qd6 52.Kg2 Kf6 53.Kf3 Qd1+ 54.Kg2 Qd4 55.Qa6+ Ke7 56.Qa7+ Ke6 57.Qa6+ Qd6
58.Qxd6+ Kxd6 59.Kf3 Ke6 60.Ke3 Kf6 61.Kd3 Kg5 62.Kc4 Kg4 63.Kxc5 Kxg3 64.Kd6  1-0

[Event "22nd Metropolitan IM"]
[Site "Los Angeles USA"]
[Date "2012.10.12"]
[Round "5"]
[White "Casella,M"]
[Black "Kavutskiy,K"]
[Result "1/2-1/2"]
[WhiteElo "2235"]
[BlackElo "2287"]

1.c4 e5 2.g3 Nc6 3.Nc3 Nf6 4.Bg2 Bc5 5.Nf3 d6 6.d3 h6 7.O-O a6 8.a3 O-O 9.b4 Ba7
10.Bb2 Bg4 11.Rc1 Ne7 12.Qc2 Ng6 13.e3 c6 14.h3 Be6 15.Ne4 Ne8 16.Ned2 Qd7
17.Kh2 Bb8 18.d4 f5 19.dxe5 dxe5 20.c5 Qf7 21.Nc4 Bxc4 22.Qxc4 Qxc4 23.Rxc4 Nf6
24.Rd1 Bc7 25.Nd2 e4 26.Rcc1 Be5 27.Bxe5 Nxe5 28.Bf1 Rfd8 29.Nc4 Nxc4 30.Bxc4+ Kf8
31.Be6 g6 32.g4 fxg4 33.Bxg4 Ke7 34.Kg3 Rd3 35.Rxd3 exd3 36.Bf3 Rd8 37.Rd1 d2
38.Kg2 Rd3 39.Kf1 a5 40.Ke2 Rxa3 41.Rb1 Nd7 42.Bg4 Ne5 43.Kxd2 Nd3 44.bxa5 Nxc5
45.Bc8 Rxa5 46.Bxb7 Ra2+ 47.Kc3 Kd6 48.Bc8 Rxf2 49.Rg1 g5 50.h4 Kc7 51.Bg4 Kd6
52.hxg5 hxg5 53.Bh5 Rf5 54.Bg6 Re5 55.e4 Ne6 56.Bf5 Ke7 57.Bxe6 Kxe6 58.Kd4 c5+
59.Ke3 Kd6 60.Kd3 Kc6 61.Kc3 Kd7 62.Kd3 Ke7 63.Ke3 Kf6 64.Kf3 Re8 65.Ra1 Re6
66.Ra8 Rc6 67.Rf8+ Kg6 68.Rg8+ Kf6 69.Rf8+ Ke5 70.Rf5+ Kd4 71.Rd5+ Kc3 72.Rxg5 c4
73.Kf4 Kb2 74.Rb5+ Kc1 75.Rh5 c3 76.e5 c2 77.Kf5 Kb2 78.Rh1 c1=Q 79.Rxc1 Rxc1
80.e6 Kc3 81.e7 Re1 82.Kf6 Kd4 83.Kf7 Rf1+ 84.Kg7 Re1 85.Kf8 Kd5 86.e8=Q Rxe8+
87.Kxe8  1/2-1/2

[Event "e2e4 High Wycombe October Open"]
[Site "High Wycombe ENG"]
[Date "2012.10.14"]
[Round "5"]
[White "Claridge-Hansen,William"]
[Black "Rogers,Tim L"]
[Result "0-1"]
[WhiteElo "1803"]
[BlackElo "1985"]

1.c4 e5 2.g3 Nf6 3.Bg2 Bc5 4.Nc3 O-O 5.e3 Re8 6.Nge2 Nc6 7.O-O d6 8.d4 Bb6
9.a3 a5 10.Qd3 Bg4 11.d5 Nb8 12.h3 Bh5 13.Rb1 Bg6 14.e4 a4 15.Qc2 Nbd7 16.Nxa4 Nxe4
17.Bxe4 Bxe4 18.Qxe4 Rxa4 19.b4 Ra8 20.Kg2 Nf6 21.Qh4 c6 22.dxc6 bxc6 23.Bb2 Qe7
24.Rfe1 Qa7 25.f4 Bd4 26.Nxd4 exd4 27.g4 Ne4 28.Rbd1 c5 29.bxc5 dxc5 30.Re2 Qb7
31.Kg1 Nd6 32.Rde1 Rxe2 33.Rxe2 Nxc4 34.Qe1 Kf8 35.Qc1 Qd5 36.Re1 Rb8 37.Ba1 Rb3
38.Kh2 Qf3 39.Rf1 Qxh3+ 40.Kg1 Qxg4+ 41.Kf2 Re3 42.Qxe3 Nxe3 43.Rg1 Qxf4+
44.Ke1 Nc2+ 45.Ke2 Qe3+ 46.Kd1 Qxg1+ 47.Kxc2 Qxa1 48.Kb3 Qc3+ 49.Ka4 Qb2
50.Ka5 d3 51.a4 d2 52.Ka6 d1=Q 53.a5 Qdb3 54.Ka7 Qb7+  0-1

[Event "TATA 50th ch-IND National Premier 2012"]
[Site "Kolkata IND"]
[Date "2012.10.14"]
[Round "13.5"]
[White "Anurag,M"]
[Black "Lalith,B"]
[Result "0-1"]
[WhiteElo "2349"]
[BlackElo "2540"]

1.g3 e5 2.c4 d6 3.Bg2 f5 4.Nc3 Nf6 5.Nf3 Be7 6.d4 e4 7.Nd2 c6 8.e3 O-O 9.b4 Na6
10.Qb3 Be6 11.Bb2 Nc7 12.Qc2 b5 13.d5 cxd5 14.cxb5 d4 15.exd4 d5 16.Nb3 Bxb4
17.a4 f4 18.Nc5 f3 19.Bf1 Qe7 20.Ba3 Bxa3 21.Rxa3 Bf5 22.Qc1 Ne6 23.Nxe6 Qxe6
24.g4 Bxg4 25.Rg1 Qd6 26.h3 e3 27.Rg3 Qxg3  0-1

[Event "34th Arco Open"]
[Site "Arco ITA"]
[Date "2012.10.15"]
[Round "3"]
[White "Pretto,Aldo"]
[Black "Karl,H"]
[Result "1/2-1/2"]
[WhiteElo "1733"]
[BlackElo "2141"]

1.c4 e5 2.g3 Nf6 3.Bg2 d6 4.Nc3 c6 5.d3 Nbd7 6.e4 Be7 7.Nf3 O-O 8.O-O Nc5
9.b3 Bg4 10.h3 Bd7 11.Qc2 Ne6 12.Be3 c5 13.Nd5 Nxd5 14.cxd5 Nd4 15.Nxd4 cxd4
16.Bd2 Rc8 17.Qb2 Bb5 18.Qb1 Bg5  1/2-1/2

[Event "17th European Club Cup w"]
[Site "Eilat ISR"]
[Date "2012.10.15"]
[Round "5.1"]
[White "Mkrtchian,L"]
[Black "Kovalevskaya,E"]
[Result "1/2-1/2"]
[WhiteElo "2456"]
[BlackElo "2405"]

1.c4 e5 2.g3 Nf6 3.Bg2 c6 4.d3 d5 5.cxd5 cxd5 6.Bg5 Be7 7.Nc3 d4 8.Bxf6 Bxf6
9.Nd5 Nc6 10.Nxf6+ Qxf6 11.Nf3 O-O 12.O-O Be6 13.Nd2 Qd8 14.Qa4 Bd5 15.Rfc1 Rc8
16.Qb5 Bxg2 17.Kxg2 Rc7 18.Rc5 Qe7 19.Rac1 Rfc8 20.a3 Kf8 21.R5c4 Nd8 22.Qd5 f6
23.b4 Qe6 24.Qe4 Rxc4 25.Rxc4 g6 26.b5 Rxc4 27.Nxc4 Qd7 28.f4 exf4 29.Qxf4 Ke7
30.Qh4 Qd5+ 31.Kf2 h5 32.Qf4 Ne6 33.Qh6 Kf7 34.Qh7+ Ng7 35.Qh8 Ne8 36.Qh7+ Ng7
37.Qh8 Ne8 38.Qh7+ Ng7 39.Qh8 Ne8  1/2-1/2

[Event "NIT Nagpur GM Open 2012"]
[Site "Nagpur IND"]
[Date "2012.10.20"]
[Round "7.12"]
[White "Ghosh,D"]
[Black "Sangma,R"]
[Result "1/2-1/2"]
[WhiteElo "2415"]
[BlackElo "2345"]

1.c4 e5 2.g3 Nf6 3.Bg2 Nc6 4.Nc3 Bc5 5.Nf3 d6 6.d3 O-O 7.O-O Re8 8.a3 a5
9.Bg5 h6 10.Bxf6 Qxf6 11.Nd2 Qd8 12.Nde4 Ba7 13.Nb5 Bb8 14.d4 exd4 15.Nxd4 Ne5
16.Qc2 Nxc4 17.Qxc4 d5 18.Qd3 dxe4 19.Bxe4 Ba7 20.Nb5 Qxd3 21.Bxd3 Bb6 22.Rac1 Re7
23.Nc3 Be6 24.Rfd1 Bg4 25.Nd5 Re5 26.Nxb6 cxb6 27.f3 Bd7 28.Kf2 Bc6 29.e4 Rd8
30.Ke3 g5 31.Bb1 Rde8 32.Rd4 f5 33.b4 axb4 34.axb4 fxe4 35.fxe4 Ra8 36.Rcd1 Ra3+
37.Bd3 Kg7 38.Rc1 Re7 39.Kd2 b5 40.Rc5 Ra2+ 41.Rc2 Ra1 42.Ke3 Ra3 43.Rf2 Ra1
44.Rf1 Ra2 45.Rf2 Ra1 46.Rf1  1/2-1/2

[Event "TCh-SUI National A 2012"]
[Site "Switzerland SUI"]
[Date "2012.10.20"]
[Round "8.7"]
[White "Goldstern,F"]
[Black "Gantner,M"]
[Result "1-0"]
[WhiteElo "2329"]
[BlackElo "2298"]

1.c4 e5 2.g3 Nf6 3.Bg2 Nc6 4.Nc3 Bb4 5.Nf3 O-O 6.O-O Re8 7.d3 h6 8.e4 a6
9.h3 Bc5 10.a3 d6 11.b4 Ba7 12.Kh2 Rb8 13.Be3 Bxe3 14.fxe3 Ne7 15.Nh4 c6
16.d4 Ng6 17.Nf5 exd4 18.exd4 Bxf5 19.Rxf5 Qe7 20.Qd3 Rbd8 21.Raf1 Rd7 22.Qe3 Qe6
23.Qd3 Rc7 24.e5 dxe5 25.d5 cxd5 26.Rxf6 gxf6 27.Bxd5 e4 28.Nxe4 Rd8 29.Rxf6 Rxd5
30.cxd5 Qe5 31.d6 Rd7 32.Kg2 Kg7 33.h4 Rd8 34.Qf3 Qb2+ 35.Kh3 Rd7 36.Qf5 Qb1
37.Rxg6+  1-0

[Event "Danilo Batricevic Mem Balkan GP"]
[Site "Cetinje MNE"]
[Date "2012.10.21"]
[Round "2.1"]
[White "Damljanovic,B"]
[Black "Dinev,De"]
[Result "1-0"]
[WhiteElo "2572"]
[BlackElo "2348"]

1.c4 e5 2.g3 Nc6 3.Nc3 Bb4 4.Nd5 Bc5 5.Bg2 Nge7 6.e3 d6 7.Ne2 Nxd5 8.cxd5 Ne7
9.d4 Bb6 10.a4 a5 11.b3 O-O 12.dxe5 dxe5 13.Ba3 Re8 14.O-O Nf5 15.Qd2 h5
16.Rac1 h4 17.Bc5 hxg3 18.hxg3 Bxc5 19.Rxc5 b6 20.Rc2 Ba6 21.Rfc1 Ra7 22.Nc3 Qe7
23.Ne4 Rd8 24.Rc6 Kh8 25.Qd1 g6 26.Qg4 Kg7 27.Qg5 Bd3 28.Nf6 Rd6 29.Rxd6 Nxd6
30.Nh5+ Kf8 31.Qh6+ Ke8 32.Qh8+ Qf8 33.Qxe5+ Kd8 34.Nf6 Qe7 35.Qd4 Nf5 36.Qc3 Ba6
37.e4 Nd6 38.e5 Nf5 39.Be4 Nh6 40.d6 cxd6 41.Rd1 Rc7 42.exd6  1-0

[Event "4th Marcel Duchamp Open"]
[Site "Buenos Aires ARG"]
[Date "2012.10.23"]
[Round "2.27"]
[White "Lopez,Ser"]
[Black "Benedetti,A"]
[Result "1/2-1/2"]
[WhiteElo "1600"]
[BlackElo "1995"]

1.c4 e5 2.g3 d6 3.Bg2 Be7 4.Nc3 f5 5.d3 Nf6 6.Rb1 O-O 7.Bg5 c6 8.Bxf6 Bxf6
9.e4 f4 10.g4 Na6 11.a3 Nc7 12.b4 Be6 13.h3 d5 14.cxd5 cxd5 15.Na4 b6 16.Ne2 Bh4
17.Bf3 d4 18.Nb2 Nb5 19.a4 Nd6 20.Rc1 Qe7 21.Qd2 Rac8 22.O-O Nf7 23.Kg2 Ng5
24.Rxc8 Bxc8 25.Ng1 Qf6 26.Rc1 Qg6 27.b5 Bd7 28.Rc7 Qe6 29.Rxa7 h5 30.Qd1 Bc8
31.Rc7 Bd7 32.Nc4 Nf7 33.Nxb6 Qxb6 34.Rxd7 hxg4 35.Bxg4 f3+ 36.Nxf3 Qf6 37.Nxh4 Qxh4
38.Qb3 Qf6 39.b6 Kh8 40.Qb2 Nh6 41.b7 Nxg4 42.hxg4 Qf3+ 43.Kf1 Qd1+ 44.Kg2 Qxg4+
45.Kf1 Qd1+ 46.Kg2 Qg4+ 47.Kf1  1/2-1/2

[Event "13th Liberec Open 2012"]
[Site "Liberec CZE"]
[Date "2012.10.26"]
[Round "8"]
[White "Golcman,E"]
[Black "Braun,Mare"]
[Result "1-0"]
[WhiteElo "2323"]
[BlackElo "2232"]

1.c4 e5 2.g3 d6 3.Bg2 f5 4.Nc3 Nf6 5.d3 Be7 6.Nf3 O-O 7.O-O Kh8 8.b4 a6 9.a4 Nc6
10.Rb1 Be6 11.b5 Na5 12.Bd2 c5 13.bxc6 bxc6 14.c5 Qc7 15.cxd6 Bxd6 16.Ng5 Bg8
17.e4 h6 18.Nf3 fxe4 19.Nh4 Bh7 20.Nxe4 Nxe4 21.Bxe4 Rf6 22.Qc2 g5 23.Ng2 Raf8
24.Bxh7 Kxh7 25.d4+ Kh8 26.dxe5 Bxe5 27.Qc5 Nb7 28.Rxb7 Qxb7 29.Qxe5 Kg8
30.Ne3 Qd7 31.Bc3 Qe6 32.Qd4 h5 33.h4 g4 34.Ng2 Qf5 35.Nf4 c5 36.Qc4+ R6f7
37.Ne6 Kh7 38.Ng5+ Kg6 39.Qxa6+ Rf6 40.Bxf6 Rxf6 41.Qb7  1-0

[Event "Danilo Batricevic Mem Balkan GP"]
[Site "Cetinje MNE"]
[Date "2012.10.27"]
[Round "9.5"]
[White "Damljanovic,B"]
[Black "Cabrilo,G"]
[Result "1-0"]
[WhiteElo "2572"]
[BlackElo "2464"]

1.c4 e5 2.g3 Nf6 3.Bg2 c6 4.d4 d6 5.Nc3 Nbd7 6.e3 g6 7.Nge2 Bg7 8.b3 O-O
9.Ba3 exd4 10.exd4 Qc7 11.O-O Re8 12.Rc1 Nb6 13.Qd2 Bf5 14.d5 c5 15.Rce1 Qd7
16.f3 h5 17.Bb2 Nh7 18.a4 Rad8 19.Nd1 Bxb2 20.Nxb2 Re5 21.Nc3 Rde8 22.Rxe5 Rxe5
23.Nbd1 Bh3 24.Bxh3 Qxh3 25.f4 Re8 26.f5 Qg4 27.Rf4 Qg5 28.Ne3 Nd7 29.fxg6 fxg6
30.Nf1 Ndf6 31.Qd3 a6 32.Nd2 Qh6 33.Nde4 Nxe4 34.Nxe4 g5 35.Rf1 Rf8 36.Rxf8+ Qxf8
37.Qf1 Qg7 38.Nxd6 Qd4+ 39.Qf2 Qa1+ 40.Kg2 Nf6 41.Qe2  1-0

[Event "16th OIBM 2012"]
[Site "Bad Wiessee GER"]
[Date "2012.10.28"]
[Round "2.3"]
[White "Hansch,Ka"]
[Black "Parligras,M"]
[Result "0-1"]
[WhiteElo "2045"]
[BlackElo "2633"]

1.c4 e5 2.g3 Nf6 3.Nc3 Nc6 4.Bg2 Bc5 5.Nf3 d6 6.O-O a6 7.d3 O-O 8.Bg5 h6
9.Bxf6 Qxf6 10.Ne4 Qg6 11.Nxc5 dxc5 12.Qd2 Bg4 13.Qe3 Qd6 14.b3 Rae8 15.h3 Bd7
16.Qd2 f5 17.Rad1 f4 18.e3 g5 19.Kh2 g4 20.hxg4 Bxg4 21.Nh4 Bxd1 22.Bd5+ Kh8
23.Qxd1 Ne7 24.Qh5 Nxd5 25.cxd5 Kh7 26.e4 Qf6 27.Nf5 fxg3+ 28.fxg3 a5 29.Kg2 Qg6
30.Qh4 Qf6 31.Qh5 Ra8 32.d6 cxd6 33.Rh1 Qg6 34.Qxh6+ Qxh6 35.Rxh6+ Kg8 36.Rxd6 Rad8
37.Rg6+ Kf7 38.Rg7+ Ke6 39.Rxb7 Rxd3 40.Rb5 Rd2+ 41.Kh3 Rxa2 42.Rxc5 Rb8
43.Ne3 Rxb3 44.Nc4 a4 45.Rxe5+ Kd7 46.Rd5+ Ke7 47.e5 Re2 48.Ra5 Rb4 49.Rc5 Kd7
50.Na3 Ke6 51.Rc6+ Kxe5 52.Rc8 Kd5 53.Rd8+ Kc6 54.Rc8+ Kb7 55.Rc1 Rb3 56.Nc4 Ka6
57.Kh4 a3 58.Nxa3 Rh2+ 59.Kg4 Rxa3 60.Rg1 Kb6 61.Kf5 Kc7 62.g4 Kd7 63.Re1 Ra8
64.Kf6 Rg8 65.Re7+ Kd8 66.Re4 Rf2+  0-1